Baluchistan ki pukar/ (Record no. 330858)

000 -LEADER
fixed length control field nam a22 7a 4500
003 - CONTROL NUMBER IDENTIFIER
control field NUST
005 - DATE AND TIME OF LATEST TRANSACTION
control field 20170817131140.0
008 - FIXED-LENGTH DATA ELEMENTS--GENERAL INFORMATION
fixed length control field 170817b xxu||||| |||| 00| 0 eng d
040 ## - CATALOGING SOURCE
Transcribing agency NUST
082 ## - DEWEY DECIMAL CLASSIFICATION NUMBER
Classification number 954.915
Author Mark BAL
100 ## - MAIN ENTRY--PERSONAL NAME
Personal name Baloch, Shakil Ahmad
9 (RLIN) 3954
245 ## - TITLE STATEMENT
Title Baluchistan ki pukar/
Statement of responsibility, etc. by Shakil Ahmad Baloch
260 ## - PUBLICATION, DISTRIBUTION, ETC.
Place of publication, distribution, etc. Quetta:
Name of publisher, distributor, etc. Gosha adab,
Date of publication, distribution, etc. 2004
300 ## - PHYSICAL DESCRIPTION
Extent 156 p.
650 ## - SUBJECT ADDED ENTRY--TOPICAL TERM
Topical term or geographic name entry element Pakistan- Baluchistan- Province
9 (RLIN) 3952
880 ## - ALTERNATE GRAPHIC REPRESENTATION
Linkage 100-01\(3\r
Title شکیل احمد بلوچ
880 ## - ALTERNATE GRAPHIC REPRESENTATION
Linkage 245-02\(3\r
Title بلوچستان کی پکار
c شکیل احمد بلوچ
880 ## - ALTERNATE GRAPHIC REPRESENTATION
Linkage 260-03\(3\r
Title کوئٹہ:
b گوشہ ادب،
c 2010
942 ## - ADDED ENTRY ELEMENTS (KOHA)
Source of classification or shelving scheme
Koha item type Book
Holdings
Withdrawn status Lost status Source of classification or shelving scheme Damaged status Not for loan Collection code Permanent Location Current Location Shelving location Date acquired Total Checkouts Full call number Barcode Date last seen Copy number Price effective from Koha item type
            Central Library (CL) Central Library (CL) Book Cart 08/17/2017   954.915 BAL CL2840 08/17/2017 1 08/17/2017 Book
© 2023 Central Library, National University of Sciences and Technology. All Rights Reserved.